| 000 | 00638nam a2200157 a 4500 | ||
|---|---|---|---|
| 008 | 091204s1988 ||||||||||||||||| || u | ||
| 050 | _aPAPERS/STAFF | ||
| 100 | _aChibesa, H | ||
| 245 | 1 | 0 | _aEnvironment analysis and diagnosis in a strategic business unit (Turnpan (Z) LTD and Monarch (Z) LTD ) |
| 260 |
_aKitwe _bCopperbelt University, School of Business _c1988 |
||
| 300 | _a15p. | ||
| 350 | _a0.00 | ||
| 650 | 0 | _aECONOMICS | |
| 650 | _aStrategic alliances (Business) | ||
| 995 |
_D0.00 _FCBU-MAIN LIBRARY (Kitwe) _H1 _I0.00 _M1 _UAVAILABLE _WDec 4, 2009 _ZUniversity Collection |
||
| 999 |
_c42132 _d42132 |
||